Loading...
| Fine Arts - Visual Fine Arts | 0 | 9 | 0 | 0 | 90 | 38 | 74.44 | 4 | 6 |
| History - Other History | 0 | 7 | 0 | 1 | 70 | 34 | 61.86 | 4 | 5 |
| History - World History | 0 | 7 | 1 | 1 | 65 | 51 | 83.29 | 1 | 4 |
| History - European History | 0 | 6 | 0 | 1 | 60 | 60 | 89.83 | 3 | 4 |
| Social Science | 0 | 6 | 0 | 1 | 60 | 73 | 99.67 | 1 | 3 |
| Literature - World/Other Literature | 0 | 5 | 0 | 0 | 50 | 48 | 105.80 | 0 | 1 |
| History - American History | 0 | 5 | 1 | 1 | 45 | 30 | 93.40 | 0 | 3 |
| Mythology | 0 | 4 | 0 | 0 | 40 | 55 | 87.00 | 1 | 2 |
| Philosophy | 0 | 4 | 0 | 1 | 40 | 89 | 111.50 | 0 | 1 |
| Literature - British Literature | 0 | 4 | 0 | 0 | 40 | 66 | 97.00 | 1 | 1 |
| Religion | 0 | 4 | 0 | 0 | 40 | 52 | 90.25 | 1 | 3 |
| Geography/Current Events | 0 | 4 | 1 | 1 | 35 | 65 | 84.00 | 1 | 2 |
| Science - Chemistry | 0 | 3 | 0 | 1 | 30 | 51 | 90.00 | 1 | 1 |
| Fine Arts - Classical Music | 0 | 3 | 1 | 0 | 25 | 12 | 64.00 | 2 | 2 |
| Fine Arts - Other Fine Arts | 0 | 4 | 3 | 0 | 25 | 4 | 81.75 | 1 | 3 |
| Literature - European Literature | 0 | 2 | 0 | 0 | 20 | 62 | 90.50 | 0 | 1 |
| Science - Physics | 0 | 2 | 0 | 1 | 20 | 82 | 110.00 | 0 | 0 |
| Literature - American Literature | 0 | 3 | 2 | 0 | 20 | 41 | 76.33 | 1 | 2 |
| Other Academic | 0 | 1 | 0 | 0 | 10 | 55 | 55.00 | 1 | 1 |
| Science - Biology | 0 | 1 | 0 | 1 | 10 | 114 | 114.00 | 0 | 0 |
| Science - Other Science | 0 | 1 | 0 | 0 | 10 | 102 | 102.00 | 0 | 0 |